Statistics for American Television Siblings

Click here to take the quiz!

General Stats

  • This quiz has been taken 54,517 times
    (12,124 since last reset)
  • The average score is 13 of 23

Answer Stats

SiblingsTV Show% Correct
Ross, MonicaFriends
99%
Bart, Lisa, MaggieThe Simpsons
97%
Chris, Meg, StewieFamily Guy
81%
Pugsley, WednesdayThe Addams Family
80%
Frasier, NilesFrasier
73%
Dexter, DebraDexter
71%
Spencer, CarlyiCarly
68%
Raven, CoryThat's So Raven
64%
Zack, CodyThe Suite Life of
Zack & Cody
60%
Dewey, Francis, Jamie, Malcolm, ReeseMalcolm in the Middle
59%
Carlton, Hilary, Ashley, NicholasThe Fresh Prince
of Bel-Air
57%
Bobby, Cindy, Greg, Jan, Marcia, PeterThe Brady Bunch
56%
DJ, Michelle, StephanieFull House
53%
Robb, Sansa, Arya, Brandon, RickonGame of Thrones
49%
Alan, CharlieTwo and a Half Men
43%
Earl, RandyMy Name is Earl
38%
Becky, Darlene, DJRoseanne
38%
Dean, SamSupernatural
35%
Prue, Piper, Phoebe, PaigeCharmed
32%
Tamera, TiaSister, Sister
32%
Gob, Michael, Lindsay, BusterArrested Development
29%
Wally, TheodoreLeave it to Beaver
25%
Dennis, Dee
It's Always Sunny
in Philadelphia
22%

Score Distribution

Percentile by Number Answered

Percent of People with Each Score

Your Score History

You have not taken this quiz since the last reset